Historia del Cristianismo / Universidad de Granada (Registro nro. 43096)
[ vista simple ]
| 000 -LÍDER | |
|---|---|
| Campo fijo de descripción fija | 005530000a22001810004500 |
| 001 - NÚMERO DE CONTROL | |
| Campo de control | 14195 |
| 020 ## - NÚMERO INTERNACIONAL NORMALIZADO PARA LIBROS | |
| Número Internacional Normalizado del libro | 84-8164-632-6 |
| 041 0# - CÓDIGO DE IDIOMA | |
| Código de idioma para texto/pista de sonido o título separado | |
| 082 04 - NÚMERO DE CLASIFICACIÓN DECIMAL DEWEY | |
| Número de clasificación | G 270 U5884h |
| 245 10 - TÍTULO | |
| Título del Material | Historia del Cristianismo / Universidad de Granada |
| 260 ## - PUBLICACIÓN, DISTRIBUCIÓN, ETC. (PIE DE IMPRENTA) | |
| Lugar de publicación, distribución, etc. | Madrid : Trotta |
| 336 ## - CONTENT TYPE | |
| Content type term | texto |
| Content type code | txt |
| Source | rdacontent |
| 337 ## - MEDIA TYPE | |
| Source | rdamedia |
| Media type term | sin mediación |
| Media type code | n |
| 338 ## - CARRIER TYPE | |
| Source | rdacarrier |
| Carrier type term | volumen |
| Carrier type code | nc |
| 505 00 - NOTA DE CONTENIDO | |
| Nota de contenido con formato preestablecido | Vol. I El mundo antiguo Vol. II El mundo medieval Vol. III El mundo moderno |
| 942 ## - TIPO DE MATERIAL (KOHA) | |
| Tipo de Item KOHA | Libros General |
| Estado de Material | Estado de Perdido | Volumen-Parte/Tomo | Estado de Dañado | No para Préstamo | Colección | Tomo | Biblioteca de Origen | Biblioteca Permanente | Fecha de Adquisición | Total de Préstamos | Total de Renovaciones | Signatura Topográfica | Código de Barras | Última vez visto | Última vez Préstado | Ejemplar/Existencia | Fecha de Remplazo | Tipo de Material |
|---|---|---|---|---|---|---|---|---|---|---|---|---|---|---|---|---|---|---|
| 1 | Colección General | Biblioteca FUSBC | Biblioteca FUSBC | 08/02/2007 | 4 | 3 | G 270 U5884h | 11188 | 04/04/2023 | 24/02/2022 | 1 | 26/01/2016 | Libros General | |||||
| 2 | Colección General | Biblioteca FUSBC | Biblioteca FUSBC | 09/03/2007 | 4 | G 270 U5884h | 11965 | 01/03/2024 | 28/02/2024 | 1 | 26/01/2016 | Libros General | ||||||
| 3 | Colección General | Biblioteca FUSBC | Biblioteca FUSBC | 08/02/2007 | 6 | G 270 U5884h | 11192 | 01/03/2024 | 28/02/2024 | 1 | 26/01/2016 | Libros General |
